[Event "24. Aberto Xadrez Albariño"]
[Site "Cambados ESP"]
[Date "2008.08.03"]
[Round "3.12"]
[White "Pena Torres, Jose Carlos"]
[Black "Prado Garcia, Alejandro"]
[Result "0-1"]
[WhiteElo "2143"]
[BlackElo "1885"]
[PlyCount "190"]
[EventDate "2008.08.01"]
[EventType "swiss"]
[EventRounds "9"]
[EventCountry "ESP"]
[Source "lmi"]
[SourceDate "2008.08.01"]

1. e4 e5 2. Nf3 d6 3. d4 exd4 4. Nxd4 Nf6 5. Nc3 Bd7 6. Bd3 Be7 7. O-O O-O 8.
Nd5 Nxd5 9. exd5 Bf6 10. Be3 a5 11. Qh5 g6 12. Qe2 Re8 13. Qd2 b6 14. c3 Na6
15. Nc6 Bxc6 16. dxc6 Nc5 17. Bc2 Re7 18. Rad1 Qe8 19. Qd5 Ne4 20. Bf4 a4 21.
f3 Ra5 22. Qc4 Nc5 23. b4 axb3 24. axb3 Ra2 25. Bb1 Rb2 26. b4 Na4 27. Be4 Nxc3
28. Bxd6 Nxd1 29. Rxd1 cxd6 30. Rxd6 Be5 31. c7 Rxc7 32. Qxc7 Bxd6 33. Qxd6 Qe6
34. Qd4 Rb3 35. h4 Qe7 36. Qxb6 Rxb4 37. Qf2 f5 38. Bd5+ Kg7 39. h5 Rb1+ 40.
Kh2 Qe5+ 41. f4 Qxd5 42. h6+ Kf7 43. Qa7+ Rb7 44. Qa1 Ke6 45. Qh8 Kd6 46. Qf8+
Kc6 47. Qf6+ Kc5 48. Qc3+ Kb6 49. Qb4+ Kc6 50. Qc3+ Kd7 51. Qg7+ Kc6 52. Qc3+
Kb6 53. Qb4+ Qb5 54. Qd4+ Ka6 55. Qd6+ Rb6 56. Qa3+ Qa5 57. Qd3+ Rb5 58. Qd6+
Qb6 59. Qa3+ Kb7 60. Qe7+ Qc7 61. Qe3 Rb4 62. g3 Rb2+ 63. Kh3 Qc6 64. Qe7+ Kb6
65. Qd8+ Kb5 66. Qb8+ Qb6 67. Qe5+ Kc4 68. Qe7 Qf2 69. Qe6+ Kd3 70. Qa6+ Kd2
71. Qa5+ Kc2 72. Qa4+ Kc1 73. Qa1+ Rb1 74. Qc3+ Qc2 75. Qe1+ Qd1 76. Qc3+ Qc2
77. Qe1+ Kb2 78. Qb4+ Qb3 79. Qd2+ Ka3 80. Qa5+ Qa4 81. Qc3+ Rb3 82. Qa1+ Kb4
83. Qd4+ Ka5 84. Qa7+ Kb5 85. Qb7+ Kc4 86. Qxh7 Qc6 87. Qg8+ Qd5 88. h7 Rb8 89.
Qxd5+ Kxd5 90. Kh4 Rh8 91. Kg5 Rxh7 92. Kxg6 Rh3 93. Kxf5 Rxg3 94. Kf6 Kd6 95.
f5 Rf3 0-1

[Event "24. Aberto Xadrez Albariño"]
[Site "Cambados ESP"]
[Date "2008.08.03"]
[Round "3.13"]
[White "Otero Ramirez, Angel"]
[Black "De Dios Alija, Rafael"]
[Result "0-1"]
[WhiteElo "1806"]
[BlackElo "2023"]
[PlyCount "62"]
[EventDate "2008.08.01"]
[EventType "swiss"]
[EventRounds "9"]
[EventCountry "ESP"]
[Source "lmi"]
[SourceDate "2008.08.01"]

1. c4 Nf6 2. g3 c6 3. Bg2 d5 4. cxd5 cxd5 5. d4 Bf5 6. Nc3 e6 7. Nf3 Nc6 8. O-O
Bd6 9. Nb5 Bb8 10. Nc3 h6 11. b3 O-O 12. Ba3 Re8 13. Rc1 Ne4 14. Bb2 Bd6 15.
Nh4 Nxc3 16. Bxc3 Bh7 17. Re1 Ba3 18. Ra1 Qb6 19. Kh1 Nb4 20. e4 Rac8 21. Bxb4
Bxb4 22. Re3 Bc3 23. Rc1 Bxd4 24. Rxc8 Rxc8 25. Re2 Bxe4 26. Bxe4 dxe4 27. Rxe4
Bxf2 28. Qf3 Bd4 29. Rf4 Bf6 30. Kg2 e5 31. Rxf6 Qxf6 0-1

[Event "24. Aberto Xadrez Albariño"]
[Site "Cambados ESP"]
[Date "2008.08.03"]
[Round "3.16"]
[White "Mougan Gonzalez, Santiago"]
[Black "Sanchez De Leon Menendez, Rafael"]
[Result "1-0"]
[WhiteElo "1730"]
[BlackElo "1932"]
[PlyCount "45"]
[EventDate "2008.08.01"]
[EventType "swiss"]
[EventRounds "9"]
[EventCountry "ESP"]
[Source "lmi"]
[SourceDate "2008.08.01"]

1. e4 c5 2. Nf3 d6 3. d4 cxd4 4. Nxd4 Nf6 5. Nc3 a6 6. Bg5 e6 7. f4 Nbd7 8. Qf3
Be7 9. O-O-O Qc7 10. g4 b5 11. Bxf6 Nxf6 12. g5 Nd7 13. f5 Bxg5+ 14. Kb1 Nc5
15. Qh5 Bf6 16. Ndxb5 axb5 17. Nxb5 Qb7 18. Nxd6+ Kf8 19. Nxb7 Bxb7 20. fxe6
Nxe6 21. Bc4 g6 22. Qf3 Ke7 23. Rhf1 1-0

[Event "24. Aberto Xadrez Albariño"]
[Site "Cambados ESP"]
[Date "2008.08.03"]
[Round "3.18"]
[White "Guijarro Arca, Basilio"]
[Black "Bedoya Ramos, Hector Mario"]
[Result "1-0"]
[WhiteElo "1915"]
[BlackElo "1683"]
[PlyCount "93"]
[EventDate "2008.08.01"]
[EventType "swiss"]
[EventRounds "9"]
[EventCountry "ESP"]
[Source "lmi"]
[SourceDate "2008.08.01"]

1. e4 d5 2. exd5 Nf6 3. d4 Bg4 4. Be2 Bxe2 5. Qxe2 Qxd5 6. Nf3 Nc6 7. Be3 O-O-O
8. Nc3 Qh5 9. O-O-O e6 10. Qc4 h6 11. Ne5 Nxe5 12. dxe5 Rxd1+ 13. Rxd1 Qxe5 14.
Nb5 Nd5 15. Kb1 a6 16. Na7+ Kb8 17. Nc6+ bxc6 18. Qxa6 c5 19. Qb5+ Ka7 20. Rd3
Nb6 21. Rd8 g6 22. a4 Bd6 23. Rxh8 Qxh8 24. a5 Nd5 25. Bxc5+ Bxc5 26. Qxc5+ Ka6
27. c4 Nc3+ 28. bxc3 Qxc3 29. Qc6+ Ka7 30. Qxc7+ Ka8 31. Qd8+ Ka7 32. Qd7+ Ka6
33. Qc6+ Ka7 34. Qc7+ Ka8 35. Qc6+ Ka7 36. Qb6+ Ka8 37. a6 Qd3+ 38. Kb2 Qe2+
39. Kb3 Qd1+ 40. Kb4 Qd2+ 41. Kb5 Qg5+ 42. Qc5 Qxg2 43. Qc6+ Qxc6+ 44. Kxc6 f6
45. Kb6 f5 46. c5 e5 47. c6 1-0

[Event "24. Aberto Xadrez Albariño"]
[Site "Cambados ESP"]
[Date "2008.08.03"]
[Round "3.19"]
[White "Abal Cores, Lucas"]
[Black "Bouza-Brey Teijeiro, Gonzalo"]
[Result "0-1"]
[WhiteElo "1566"]
[BlackElo "1904"]
[PlyCount "60"]
[EventDate "2008.08.01"]
[EventType "swiss"]
[EventRounds "9"]
[EventCountry "ESP"]
[Source "lmi"]
[SourceDate "2008.08.01"]

1. e4 e5 2. Nf3 Nc6 3. Bc4 Nf6 4. Nc3 Nxe4 5. Nxe4 d5 6. Bxd5 Qxd5 7. Nc3 Qa5
8. O-O Bg4 9. h3 Bh5 10. Re1 O-O-O 11. d3 f5 12. Bd2 Nd4 13. Ne2 Nxf3+ 14. gxf3
Qd5 15. f4 Rd6 16. Qc1 Bxe2 17. fxe5 Rg6+ 18. Bg5 Be7 19. h4 h6 20. f4 Qf3 21.
Rxe2 Qxe2 22. Qd1 Qxd1+ 23. Rxd1 hxg5 24. hxg5 Rc6 25. Rc1 Bc5+ 26. Kg2 Be3 27.
Re1 Rxc2+ 28. Kg3 Bf2+ 29. Kf3 Bxe1 30. e6 Rh3# 0-1

[Event "24. Aberto Xadrez Albariño"]
[Site "Cambados ESP"]
[Date "2008.08.03"]
[Round "3.23"]
[White "Rodriguez Dominguez, Ramon"]
[Black "Maneiro Blanco, Jose"]
[Result "0-1"]
[WhiteElo "1706"]
[BlackElo "1695"]
[PlyCount "70"]
[EventDate "2008.08.01"]
[EventType "swiss"]
[EventRounds "9"]
[EventCountry "ESP"]
[Source "lmi"]
[SourceDate "2008.08.01"]

1. e4 c5 2. f4 Nc6 3. Nf3 g6 4. Bc4 Bg7 5. c3 d6 6. O-O Nf6 7. d3 Qb6 8. Bb3
c4+ 9. d4 cxb3 10. axb3 Nxe4 11. Na3 O-O 12. Nc4 Qc7 13. Ne3 Nf6 14. Nh4 e6 15.
Qf3 d5 16. Ra4 b5 17. Ra1 b4 18. Bd2 Ne4 19. Be1 Qb6 20. Qd1 Ba6 21. Rf3 Rfb8
22. Nc2 Bc8 23. c4 dxc4 24. Kh1 cxb3 25. Rxb3 a5 26. Nf3 Nd6 27. Qd2 Qb5 28.
Na3 Qd5 29. Rd3 bxa3 30. Raxa3 Rb4 31. h3 Rab8 32. b3 Rxb3 33. Raxb3 Rxb3 34.
Rxb3 Qxb3 35. d5 Qxd5 0-1

[Event "24. Aberto Xadrez Albariño"]
[Site "Cambados ESP"]
[Date "2008.08.03"]
[Round "3.25"]
[White "Elizondo Market, Juan Marcos"]
[Black "Campelo Bermudez, Javier"]
[Result "0-1"]
[WhiteElo "2070"]
[BlackElo "1870"]
[PlyCount "128"]
[EventDate "2008.08.01"]
[EventType "swiss"]
[EventRounds "9"]
[EventCountry "ESP"]
[Source "lmi"]
[SourceDate "2008.08.01"]

1. e4 e5 2. Nf3 Nc6 3. Bb5 d6 4. d4 exd4 5. Nxd4 Bd7 6. Nc3 Nf6 7. O-O Be7 8.
a4 O-O 9. h3 Re8 10. Bg5 Nxe4 11. Nxe4 Bxg5 12. Ng3 Nxd4 13. Qxd4 Bf6 14. Qb4
Bxb5 15. Qxb5 Rb8 16. Rad1 c6 17. Qb4 d5 18. Rd3 Qb6 19. Qxb6 axb6 20. Rb3 Bd4
21. Nf5 Bc5 22. Rg3 g6 23. c3 Re5 24. Nh6+ Kg7 25. Ng4 Re4 26. b4 Bd6 27. Rf3
f5 28. Ne3 Ra8 29. Ra1 b5 30. a5 d4 31. cxd4 Bxb4 32. d5 Rxa5 33. Rd1 Ra8 34.
dxc6 bxc6 35. Rd7+ Re7 36. Rd1 Rc8 37. Rg3 Kf6 38. Nc2 Ba5 39. Ra3 Bb6 40. Ra6
Bc5 41. Na1 Ra7 42. Rxa7 Bxa7 43. Nb3 Bb6 44. Rd7 Rc7 45. Nc5 Ba5 46. Rd6+ Kf7
47. Rd8 Ke7 48. Ra8 Bb6 49. Nd3 Ra7 50. Rh8 Kd6 51. Re8 Bc7 52. Rh8 Kd5 53. g3
Bd6 54. Rd8 Ra4 55. Nf4+ Rxf4 56. gxf4 b4 57. Ra8 Bxf4 58. Kf1 Kc4 59. Ke2 c5
60. Kd1 Kb3 61. Ra5 c4 62. Rc5 c3 63. Rc8 Kb2 64. Rc4 Bd6 0-1

[Event "24. Aberto Xadrez Albariño"]
[Site "Cambados ESP"]
[Date "2008.08.03"]
[Round "3.26"]
[White "Fernandez Rey, Jorge"]
[Black "Chesa Chavarria, Aurelio"]
[Result "0-1"]
[WhiteElo "1834"]
[BlackElo "1919"]
[PlyCount "48"]
[EventDate "2008.08.01"]
[EventType "swiss"]
[EventRounds "9"]
[EventCountry "ESP"]
[Source "lmi"]
[SourceDate "2008.08.01"]

1. e4 c5 2. Nf3 Nc6 3. d4 cxd4 4. Nxd4 Nf6 5. Nxc6 bxc6 6. e5 Qa5+ 7. Nc3 Qxe5+
8. Be3 Rb8 9. Rb1 Rxb2 10. Ne2 Rxb1 11. Qxb1 Qa5+ 12. c3 Qc7 13. Nd4 e5 14. Nf5
d5 15. c4 Bxf5 16. Qxf5 Bb4+ 17. Kd1 O-O 18. cxd5 cxd5 19. Bd3 e4 20. Bb1 Rc8
21. f3 d4 22. Bf4 Qc3 23. Bxe4 Nxe4 24. fxe4 Qc2# 0-1

[Event "24. Aberto Xadrez Albariño"]
[Site "Cambados ESP"]
[Date "2008.08.04"]
[Round "4.1"]
[White "Manolache, Marius"]
[Black "Patino Romaris, Juan Roberto"]
[Result "1-0"]
[WhiteElo "2521"]
[BlackElo "2272"]
[PlyCount "89"]
[EventDate "2008.08.01"]
[EventType "swiss"]
[EventRounds "9"]
[EventCountry "ESP"]
[Source "lmi"]
[SourceDate "2008.08.01"]

1. d4 Nf6 2. Bg5 e6 3. Nd2 h6 4. Bh4 c5 5. e3 Be7 6. c3 b6 7. Bxf6 Bxf6 8. Bd3
Bb7 9. Ngf3 d6 10. Bb5+ Kf8 11. Qe2 Qc7 12. e4 Nd7 13. Rd1 Rd8 14. O-O g6 15.
Rfe1 Kg7 16. h4 h5 17. b4 Be7 18. a3 Rc8 19. Ng5 Rhd8 20. Ndf3 Nf8 21. Bd3 Nh7
22. Nxh7 Kxh7 23. Ba6 Kg7 24. Bxb7 Qxb7 25. b5 cxd4 26. Nxd4 Bxh4 27. Nc6 Rd7
28. c4 Bf6 29. Qd3 Rxc6 30. bxc6 Qxc6 31. e5 Be7 32. Re4 d5 33. Rf4 Bg5 34.
cxd5 Rxd5 35. Rd4 Rxd4 36. Qxd4 Be7 37. a4 Bc5 38. Qh4 Bf8 39. Qf6+ Kg8 40. Rd4
a6 41. Kh2 b5 42. a5 b4 43. f4 Qb5 44. Rd8 Qc5 45. Rd7 1-0

[Event "24. Aberto Xadrez Albariño"]
[Site "Cambados ESP"]
[Date "2008.08.04"]
[Round "4.2"]
[White "Starostits, Ilmars"]
[Black "Corona Garcia, Tomas"]
[Result "1-0"]
[WhiteElo "2497"]
[BlackElo "2210"]
[PlyCount "51"]
[EventDate "2008.08.01"]
[EventType "swiss"]
[EventRounds "9"]
[EventCountry "ESP"]
[Source "lmi"]
[SourceDate "2008.08.01"]

1. e4 d6 2. d4 Nf6 3. Nc3 g6 4. Nf3 Bg7 5. Be3 c6 6. Qd2 Bg4 7. Bh6 Bxh6 8.
Qxh6 Qa5 9. Nd2 Be6 10. Rd1 Nbd7 11. Be2 O-O-O 12. Qe3 Kb8 13. O-O h5 14. b4
Qxb4 15. Rb1 Qa5 16. d5 cxd5 17. Nb3 Qa3 18. Nb5 Qa4 19. e5 dxe5 20. Nc5 d4 21.
Qg5 Qa5 22. Bf3 Nxc5 23. Qxe5+ Rd6 24. Qxc5 Nd7 25. Qg5 Rb6 26. Qf4+ 1-0

[Event "24. Aberto Xadrez Albariño"]
[Site "Cambados ESP"]
[Date "2008.08.04"]
[Round "4.3"]
[White "Permuy Lorenzo, Carlos Javier"]
[Black "Filip, Lucian"]
[Result "0-1"]
[WhiteElo "2335"]
[BlackElo "2461"]
[PlyCount "102"]
[EventDate "2008.08.01"]
[EventType "swiss"]
[EventRounds "9"]
[EventCountry "ESP"]
[Source "lmi"]
[SourceDate "2008.08.01"]

1. e4 c5 2. Nf3 e6 3. d4 cxd4 4. Nxd4 Nc6 5. Nc3 Qc7 6. Be3 a6 7. Qd2 Nf6 8.
O-O-O Bb4 9. f3 Ne5 10. a3 Bxc3 11. Qxc3 Qxc3 12. bxc3 d5 13. exd5 Nxd5 14. Bd2
Nb6 15. Kb1 Bd7 16. f4 Nec4 17. Bc1 Rc8 18. Bd3 Na4 19. Ne2 Ncb6 20. Bb2 Nxb2
21. Kxb2 Bc6 22. Rhg1 Bd5 23. Kc1 O-O 24. g4 Bf3 25. Rg3 Bxe2 26. Bxe2 Nd5 27.
Bf3 Nxf4 28. Rd7 b6 29. Rd6 Rb8 30. Rg1 Ng6 31. Be2 a5 32. Bb5 Rfd8 33. Rgd1
Rxd6 34. Rxd6 Ne5 35. h3 Kf8 36. Rd4 Ke7 37. Kb2 Rc8 38. Kb3 Rc5 39. Be2 g5 40.
Rd1 h6 41. h4 f5 42. gxf5 exf5 43. c4 f4 44. hxg5 hxg5 45. Rh1 f3 46. Bf1 g4
47. Rh7+ Kf6 48. Rh6+ Kg5 49. Rxb6 g3 50. Rb8 g2 51. Rg8+ Ng6 0-1

[Event "24. Aberto Xadrez Albariño"]
[Site "Cambados ESP"]
[Date "2008.08.04"]
[Round "4.4"]
[White "Rodriguez Lopez, Rafael"]
[Black "Ivanov, Jordan"]
[Result "1-0"]
[WhiteElo "2311"]
[BlackElo "2421"]
[PlyCount "99"]
[EventDate "2008.08.01"]
[EventType "swiss"]
[EventRounds "9"]
[EventCountry "ESP"]
[Source "lmi"]
[SourceDate "2008.08.01"]

1. e4 c5 2. Nf3 e6 3. c3 Nf6 4. e5 Nd5 5. Bc4 Nb6 6. Bb3 c4 7. Bc2 Nc6 8. d4
cxd3 9. Qxd3 Qc7 10. Qe4 d6 11. exd6 Bxd6 12. O-O h6 13. Rd1 Bd7 14. Be3 f5 15.
Bxb6 axb6 16. Qe2 e5 17. Nh4 O-O 18. Qd2 Rf6 19. Nxf5 Bxf5 20. Bxf5 Rd8 21.
Qd5+ Kh8 22. Bd3 Rf4 23. Qe6 Bc5 24. b4 Bxf2+ 25. Kh1 e4 26. g3 Rxd3 27. Rxd3
exd3 28. gxf4 Qxf4 29. Nd2 Ne5 30. Rf1 Kh7 31. Qd5 h5 32. Qe4+ Qxe4+ 33. Nxe4
Be3 34. Rf5 Nc4 35. Rxh5+ Kg6 36. Rd5 d2 37. Kg2 Kf7 38. Nd6+ Nxd6 39. Rxd6 Bf4
40. Rd3 Ke6 41. h3 Be5 42. c4 Bc3 43. b5 Kf5 44. Kf3 Kg5 45. Ke2 Ba5 46. Rd7 g6
47. Rxb7 Kf4 48. Ra7 Bb4 49. Ra4 Bc3 50. c5+ 1-0

[Event "24. Aberto Xadrez Albariño"]
[Site "Cambados ESP"]
[Date "2008.08.04"]
[Round "4.5"]
[White "Berbatov, Kiprian"]
[Black "Astaneh Lopez, Alex"]
[Result "1-0"]
[WhiteElo "2250"]
[BlackElo "2357"]
[PlyCount "93"]
[EventDate "2008.08.01"]
[EventType "swiss"]
[EventRounds "9"]
[EventCountry "ESP"]
[Source "lmi"]
[SourceDate "2008.08.01"]

1. e4 e5 2. Nf3 Nc6 3. Bb5 Nf6 4. O-O Nxe4 5. d4 Nd6 6. dxe5 Nxb5 7. a4 d6 8.
e6 fxe6 9. axb5 Ne7 10. Ng5 h6 11. Ne4 d5 12. Qh5+ g6 13. Qe5 Rg8 14. Nf6+ Kf7
15. Nxg8 Nxg8 16. Qf4+ Nf6 17. Be3 g5 18. Qf3 e5 19. Qd1 d4 20. Bc1 Qd5 21. c3
Bg4 22. Qd3 Bc5 23. cxd4 exd4 24. Nd2 Re8 25. Qb3 Be2 26. Re1 Bc4 27. Qd1 Rxe1+
28. Qxe1 Bxb5 29. Nf3 Bd6 30. Rxa7 g4 31. Nh4 Qh5 32. g3 Bc6 33. Ra5 b5 34. Ra6
Bb7 35. Ra7 Be4 36. Qd2 Qc5 37. Ra1 Bc6 38. Qxh6 Qd5 39. Qg6+ Ke6 40. f3 d3 41.
Bg5 Qd4+ 42. Kf1 Be5 43. Re1 Kd5 44. Qf7+ Kc5 45. Qe7+ Kd5 46. Qf7+ Kc5 47. Be3
1-0

[Event "24. Aberto Xadrez Albariño"]
[Site "Cambados ESP"]
[Date "2008.08.04"]
[Round "4.6"]
[White "Rusev, Krasimir"]
[Black "Trigo Urquijo, Sergio"]
[Result "1-0"]
[WhiteElo "2508"]
[BlackElo "2200"]
[PlyCount "83"]
[EventDate "2008.08.01"]
[EventType "swiss"]
[EventRounds "9"]
[EventCountry "ESP"]
[Source "lmi"]
[SourceDate "2008.08.01"]

1. d4 d5 2. Nf3 Nf6 3. c4 c6 4. Nc3 a6 5. c5 Nbd7 6. Bf4 Nh5 7. Bd2 Nhf6 8. Bf4
Nh5 9. Qd2 Nxf4 10. Qxf4 g6 11. e4 Nf6 12. Ne5 Be6 13. Rd1 Bg7 14. Bd3 O-O 15.
O-O dxe4 16. Bxe4 Nxe4 17. Qxe4 Bd5 18. Nxd5 Qxd5 19. Qxd5 cxd5 20. Rfe1 Bxe5
21. Rxe5 e6 22. Rd3 Rfe8 23. Rb3 Re7 24. Rb6 Rc8 25. Re3 Kf8 26. f4 h5 27. Kf2
Rcc7 28. h3 Kg7 29. g3 Kf8 30. Ke2 Kg7 31. Kd2 Kf8 32. Rc3 Ke8 33. c6 Rxc6 34.
Rcxc6 bxc6 35. Rxa6 Rb7 36. Kc3 Kd7 37. Ra8 Kd6 38. b4 Kd7 39. a4 Ke7 40. a5
Rc7 41. a6 Kf6 42. Rb8 1-0

[Event "24. Aberto Xadrez Albariño"]
[Site "Cambados ESP"]
[Date "2008.08.04"]
[Round "4.7"]
[White "De Dios Alija, Rafael"]
[Black "Dimitrov, Vladimir"]
[Result "0-1"]
[WhiteElo "2023"]
[BlackElo "2450"]
[PlyCount "88"]
[EventDate "2008.08.01"]
[EventType "swiss"]
[EventRounds "9"]
[EventCountry "ESP"]
[Source "lmi"]
[SourceDate "2008.08.01"]

1. e4 c5 2. Nf3 e6 3. d4 cxd4 4. Nxd4 Nc6 5. Nc3 Qc7 6. Nxc6 bxc6 7. Bd3 Nf6 8.
O-O e5 9. Bg5 Be7 10. Qe2 h6 11. Bxf6 Bxf6 12. Na4 O-O 13. c4 d6 14. Rfd1 Be6
15. Nc3 Rab8 16. b3 g6 17. Bc2 Be7 18. Rd3 Kg7 19. Rad1 h5 20. h3 h4 21. R3d2
Qa5 22. Na4 Rfd8 23. Qe3 Rb7 24. Qc3 Qxc3 25. Nxc3 f5 26. c5 Rbd7 27. cxd6 Bxd6
28. Kf1 Kf6 29. Ke2 Ke7 30. f3 Kf6 31. Rd3 Kg5 32. Kf1 a5 33. R3d2 Kf6 34. Ke2
Ke7 35. Rd3 Rb8 36. R3d2 Bc5 37. Rxd7+ Bxd7 38. Na4 Bd4 39. exf5 gxf5 40. f4
Rg8 41. Kf1 c5 42. fxe5 Bc6 43. Bxf5 Rxg2 44. Bd3 Bf3 0-1

[Event "24. Aberto Xadrez Albariño"]
[Site "Cambados ESP"]
[Date "2008.08.04"]
[Round "4.8"]
[White "Petkov, Vladimir"]
[Black "Rodriguez Gonzalez, Alex"]
[Result "1-0"]
[WhiteElo "2423"]
[BlackElo "2022"]
[PlyCount "73"]
[EventDate "2008.08.01"]
[EventType "swiss"]
[EventRounds "9"]
[EventCountry "ESP"]
[Source "lmi"]
[SourceDate "2008.08.01"]

1. d4 Nf6 2. c4 c5 3. d5 b5 4. Nd2 g6 5. e4 d6 6. cxb5 a6 7. bxa6 Bxa6 8. Bxa6
Rxa6 9. Ne2 Bg7 10. O-O O-O 11. Nc3 Nbd7 12. Qc2 Qa5 13. h3 Rb8 14. Nc4 Qb4 15.
b3 Ne8 16. Bd2 Ne5 17. Rab1 Rba8 18. Ne3 Nc7 19. f4 Nd7 20. a4 Qb7 21. Kh1 Nb6
22. Qd3 Qc8 23. Ncd1 e6 24. Bc3 exd5 25. Bxg7 Kxg7 26. exd5 f5 27. g4 c4 28.
bxc4 Nxa4 29. gxf5 Nc5 30. Qd4+ Kf7 31. Ng4 Qf8 32. fxg6+ hxg6 33. f5 g5 34.
Qf6+ Ke8 35. Qxg5 Qe7 36. Nf6+ Kf7 37. Qg6+ 1-0

[Event "24. Aberto Xadrez Albariño"]
[Site "Cambados ESP"]
[Date "2008.08.04"]
[Round "4.9"]
[White "Gonzalez Trigal, Jose Luis"]
[Black "Garcia Castro, Pablo"]
[Result "0-1"]
[WhiteElo "1992"]
[BlackElo "2390"]
[PlyCount "122"]
[EventDate "2008.08.01"]
[EventType "swiss"]
[EventRounds "9"]
[EventCountry "ESP"]
[Source "lmi"]
[SourceDate "2008.08.01"]

1. d4 d6 2. e4 Nf6 3. Nc3 Nbd7 4. Nf3 e5 5. Bc4 Be7 6. O-O O-O 7. h3 c6 8. Be3
b5 9. Bd3 Bb7 10. a4 b4 11. Ne2 exd4 12. Nfxd4 Nc5 13. Ng3 Re8 14. Ndf5 Bf8 15.
Bxc5 dxc5 16. Qf3 g6 17. Ne3 Qe7 18. Rfe1 Bg7 19. Nc4 Nd7 20. Nf1 Ne5 21. Nxe5
Bxe5 22. Rab1 Rad8 23. Ne3 Bc8 24. Nc4 Bc7 25. Rbd1 Be6 26. Bf1 h5 27. Ne3 Qg5
28. b3 Be5 29. Bc4 Bd4 30. Bd3 Rd6 31. Qg3 Qxg3 32. fxg3 c4 33. bxc4 Red8 34.
Kf1 c5 35. Nd5 Bxd5 36. e5 Bc6 37. exd6 Rxd6 38. Re7 Rf6+ 39. Ke1 Bc3+ 40. Ke2
Bxg2 41. Be4 Bxh3 42. Rd8+ Kg7 43. Bd5 Bg4+ 44. Kd3 Rf2 45. Ra8 Bf5+ 46. Be4
Bxe4+ 47. Rxe4 Rd2+ 48. Ke3 a5 49. Re7 Rxc2 50. Rxa5 Bd4+ 51. Kd3 Rc3+ 52. Kd2
Rxc4 53. Raa7 b3 54. Rxf7+ Kh6 55. Rfb7 Rc2+ 56. Kd3 Rc3+ 57. Kd2 Rxg3 58. a5
c4 59. Ra8 c3+ 60. Ke2 Re3+ 61. Kf1 c2 0-1

[Event "24. Aberto Xadrez Albariño"]
[Site "Cambados ESP"]
[Date "2008.08.04"]
[Round "4.10"]
[White "Ramiro Ovejero, Juan Luis"]
[Black "Lago Fernandez, Fernando"]
[Result "1-0"]
[WhiteElo "2370"]
[BlackElo "1965"]
[PlyCount "151"]
[EventDate "2008.08.01"]
[EventType "swiss"]
[EventRounds "9"]
[EventCountry "ESP"]
[Source "lmi"]
[SourceDate "2008.08.01"]

1. e4 e5 2. Nf3 Nc6 3. Bc4 Nf6 4. d3 Bc5 5. c3 d6 6. Nbd2 O-O 7. h3 a6 8. Bb3
Be6 9. Nf1 d5 10. Qe2 dxe4 11. dxe4 Bxb3 12. axb3 Qe7 13. Ng3 Rad8 14. Bg5 Qe6
15. b4 Be7 16. O-O h6 17. Be3 Rfe8 18. b5 axb5 19. Qxb5 Rb8 20. Ra4 Bf8 21.
Rfa1 Nd7 22. Rc4 Red8 23. Nf1 Re8 24. N1d2 Red8 25. Rca4 Re8 26. b4 Red8 27.
R4a2 Re8 28. Ne1 Red8 29. Nc2 Re8 30. f3 Red8 31. Qe2 Re8 32. Bf2 Be7 33. Ne3
Bd6 34. Ndc4 Bf8 35. Nd5 Rbc8 36. Rd1 Ne7 37. Ra7 c6 38. Nxe7+ Bxe7 39. Rxb7
Nb8 40. Rxe7 Qxe7 41. Nd6 Red8 42. Nxc8 Rxc8 43. Qd3 f6 44. Qc4+ Kh7 45. Bc5
Qe8 46. Qd3 Qf7 47. Ra1 Nd7 48. Bf2 Nf8 49. Ra7 Qe6 50. Be3 Re8 51. c4 Rb8 52.
b5 cxb5 53. cxb5 Ng6 54. Kh2 Nf4 55. Bxf4 exf4 56. Ra1 Qe5 57. Rb1 Rb6 58. Qd7
Qc5 59. Qf5+ Qxf5 60. exf5 Kg8 61. g3 Kf8 62. gxf4 Ke7 63. Kg3 Kd6 64. Kg4 Rb7
65. Kh5 Kd5 66. Kg6 Kd4 67. Rb3 Kc4 68. Re3 Kd4 69. Re6 Kc4 70. b6 Kc5 71. h4
Kd5 72. h5 Kc5 73. Re8 Kxb6 74. Rg8 Kc5 75. Rxg7 Rb6 76. Re7 1-0

[Event "24. Aberto Xadrez Albariño"]
[Site "Cambados ESP"]
[Date "2008.08.04"]
[Round "4.11"]
[White "Milchev, Nikolay"]
[Black "Minguela Muñoz, Bienvenido"]
[Result "1-0"]
[WhiteElo "2356"]
[BlackElo "1917"]
[PlyCount "71"]
[EventDate "2008.08.01"]
[EventType "swiss"]
[EventRounds "9"]
[EventCountry "ESP"]
[Source "lmi"]
[SourceDate "2008.08.01"]

1. Nf3 d5 2. c4 c6 3. d4 Nf6 4. cxd5 cxd5 5. Nc3 e6 6. Bf4 a6 7. e3 Bb4 8. Bd3
O-O 9. O-O Nbd7 10. Rc1 Nh5 11. Bg5 f6 12. Bh4 g6 13. Qb3 Bxc3 14. Rxc3 g5 15.
Bg3 Nxg3 16. hxg3 Rf7 17. Rfc1 Nf8 18. g4 b5 19. a3 Bb7 20. Qb4 Rc8 21. Nd2
Rfc7 22. Nb3 Rxc3 23. Rxc3 Rxc3 24. bxc3 Qc7 25. Nc5 Bc8 26. a4 e5 27. axb5
axb5 28. Bxb5 Bxg4 29. dxe5 f5 30. Qd4 Qf7 31. Bc6 f4 32. Bxd5 Ne6 33. Bxe6
Bxe6 34. Qd8+ Kg7 35. Qxg5+ Kh8 36. Qxf4 1-0

[Event "24. Aberto Xadrez Albariño"]
[Site "Cambados ESP"]
[Date "2008.08.04"]
[Round "4.12"]
[White "Fernandez de Pablo, Miguel A"]
[Black "Mougan Gonzalez, Santiago"]
[Result "1-0"]
[WhiteElo "2232"]
[BlackElo "1730"]
[PlyCount "49"]
[EventDate "2008.08.01"]
[EventType "swiss"]
[EventRounds "9"]
[EventCountry "ESP"]
[Source "lmi"]
[SourceDate "2008.08.01"]

1. e4 c5 2. Nf3 d6 3. d4 cxd4 4. Nxd4 Nf6 5. Nc3 a6 6. Bg5 e6 7. f4 b5 8. e5
dxe5 9. fxe5 Qc7 10. Bxb5+ axb5 11. exf6 Qe5+ 12. Qe2 Qxg5 13. Ndxb5 Ra5 14.
fxg7 Bxg7 15. Ne4 Qe5 16. Nbd6+ Ke7 17. O-O f5 18. Rad1 Ba6 19. Qh5 Rf8 20.
Qh4+ Bf6 21. Nxf6 Qxf6 22. Qxh7+ Rf7 23. Nxf7 Qxf7 24. Qh4+ Qf6 25. Qb4+ 1-0

[Event "24. Aberto Xadrez Albariño"]
[Site "Cambados ESP"]
[Date "2008.08.04"]
[Round "4.13"]
[White "Prado Garcia, Alejandro"]
[Black "Ortiz Suarez, Isam"]
[Result "0-1"]
[WhiteElo "1885"]
[BlackElo "2392"]
[PlyCount "76"]
[EventDate "2008.08.01"]
[EventType "swiss"]
[EventRounds "9"]
[EventCountry "ESP"]
[Source "lmi"]
[SourceDate "2008.08.01"]

1. e4 c5 2. f4 e6 3. Nf3 d5 4. exd5 Qxd5 5. Nc3 Qd8 6. Bb5+ Bd7 7. O-O Bxb5 8.
Nxb5 Nc6 9. d3 Nf6 10. Qe2 Be7 11. Ne5 Nb4 12. c4 O-O 13. a3 Na6 14. Bd2 Nd7
15. Bc3 Nab8 16. a4 a6 17. Na3 Nxe5 18. Bxe5 Nc6 19. Bc3 Bf6 20. Nc2 Nd4 21.
Nxd4 Bxd4+ 22. Kh1 Qf6 23. Bxd4 Qxd4 24. Rad1 Rad8 25. Qe5 Rd7 26. Qxd4 Rxd4
27. b3 Rfd8 28. Rf3 R8d6 29. Kg1 Rb6 30. Rb1 Rb4 31. a5 Rd6 32. Kf2 b6 33. axb6
Rdxb6 34. Ke3 Rxb3 35. Ra1 Rd6 36. Ke4 Rd4+ 37. Ke5 Rb6 38. Ra5 f6# 0-1

[Event "24. Aberto Xadrez Albariño"]
[Site "Cambados ESP"]
[Date "2008.08.04"]
[Round "4.14"]
[White "Bouza-Brey Teijeiro, Gonzalo"]
[Black "Torrado Quintela, Julio"]
[Result "0-1"]
[WhiteElo "1904"]
[BlackElo "2245"]
[PlyCount "60"]
[EventDate "2008.08.01"]
[EventType "swiss"]
[EventRounds "9"]
[EventCountry "ESP"]
[Source "lmi"]
[SourceDate "2008.08.01"]

1. e4 g6 2. d4 Bg7 3. Bc4 c6 4. Nc3 d6 5. Nf3 Nf6 6. Bb3 O-O 7. h3 Nbd7 8. Bg5
h6 9. Be3 Qc7 10. Qd2 Kh7 11. g4 b5 12. a3 c5 13. g5 hxg5 14. Nxg5+ Kg8 15. f4
Bb7 16. Rg1 b4 17. axb4 cxb4 18. Nb5 Qb6 19. e5 Qxb5 20. exf6 Nxf6 21. O-O-O a5
22. Bxf7+ Rxf7 23. Nxf7 Kxf7 24. Rg5 Qa4 25. Qd3 Be4 26. Qc4+ d5 27. Qc7 Bf5
28. Rxf5 gxf5 29. Rg1 Qa1+ 30. Kd2 Qxb2 0-1